02376agaaa2200325 45000010005000000030009000050050017000140070009000310080040000400400023000800410013001031000043001161300029001592400033001882450161002212460026003822500022004082600120004303000034005505080196005845110093007805200855008735380016017285460013017446500056017577000069018137000056018827000055019387000057019937469IT-RoPAU20220918181246.0d cvaizq50131s9999||||xx ||| | || ||und|| aIT-RoPAUcIT-RoPAU aITALIANO aWenders WimgCodice regista SPICS: 499 aFINO ALLA FINE DEL MONDO aBIS ANS ENDE DER WELTgT2399 aFINO ALLA FINE DEL MONDOcSceneggiatura: Carey Peter Wenders Wim -- Diretto da: Wenders WimpFINO ALLA FINE DEL MONDO (Rif. Codice opera principale : A7469) aBIS ANS ENDE DER WELT aEdizione Standard aPARIGI - BERLINO (GERMANIA - FRANCI)bARGOS FILMS - ROAD MOVIES / g"1991 (1° ed.: 1992 ; Ed. Lingua Orig.: 1991)" aVHSbsonoro, col.c158 minuti a"Fotografia: Muller Bobby; Montaggio: Przygodda Peter; Musica: Revell Graeme; Sceneggiatura: Carey Peter Wenders Wim; Scenografia: Flamand Thierry; Soggetto: Wenders Wim -- Dommartin Solveig" a"Dommartin Solveig; Hurt William; Neill Sam; Vogler Rudiger; Moreau Jeanne; Von; Sydow " aSIAMO ALLA CONCLUSIONE DEL 1999 UN SATELLITE CON ARMAMENTO ATOMICO RISCHIADI CADERE SENZA PIU' CONTROLLO SULLA TERRA CLAIRE DECIDE DI TORNARE A PARIGI NEL CORSO DEL VIAGGIO SU UNA STRADA DEL SUD DELLA FRANCIA HA UN INCIDENTE CON L'AUTO DI DUE RAPINATORI. I DUE LE AFFIDANO LA VALIGIA COI SOLDIDA PORTARE A PARIGI. FA POI CONOSCENZA CON UN PERSONAGGIO MISTERIOSO TREVOR BRACCATO DA UN KILLER. DA QUESTO MOMENTO HA INIZIO UN LUNGO INSEGUIMENTO ATTRAVERSO NOVE NAZIONI. TREVOR IN REALTA' SI CHIAMA SAM E STA GIRANDO IL MONDO PER REGISTRARE CON UNA TELECAMERA RIVOLUZIONARIA IMMAGINI ELETTRONICHE DEI PARENTI IL TERMINE DEL SUO VIAGGIO E' L'AUSTRALIA DOVE L'ATTENDONO IN UN LABORATORIO NASCOSTO NEL DESERTO I GENITORI. IL PADRE E' L'INVENTORE DELLA TELECAMERA CON CUI HA INTENZIONE DI FAR RIVEDERE LE IMMAGINI DEL MONDO ALLA MADRE CIECA DALL'INFANZIA.... aPAL, STEREO aITALIANO aDRAMMATICOeFILMS [VHS]xCodice MATERIA SPICS: 9960 aDommartin Solveig e(soggetto)gCodice Soggetto 2° SPICS: 36321 aRevell Graemee(musica)gCodice Musica SPICS: 35854 aWenders Wim e(regista)gCodice regista SPICS: 499 aWenders Wim e(soggetto)gCodice Soggetto SPICS: 499